000 00895nam a2200253Ia 4500
003 OSt
005 20220923222603.0
006 a|||||r|||| 00| 0
007 ta
008 220922b |||||||| |||| 00| 0 hin d
024 _a206,251
037 _cTextual
040 _aARTS
_cARTS
_bhin
041 _2hin
_ahin
082 _aO152,6vN7, M2
100 _aमिश्र, वीरेन्द्रनाथ
245 0 _aब्रजभाषा गद्य साहित्य का विकास
246 _aBrajabhāṣhā gadya sāhitya kā vikāsa
260 _aदिल्ली
_b पॅंाडुलिपि प्रका
_c1982
300 _a355पृ.
_ccm.
650 _aहिन्दी साहित्य
_9156264
942 _hO152,6vN7, M2
_cTEXL
_2CC
999 _c356912
_d356912